Score 0/20 Timer 06:00
3 Plays Today
% Correct
Who Framed Roger Rabbit
93.8%
Beverly Hills Cop
93.3%
E.T. the Extra-Terrestrial
93.1%
Gremlins
90.4%
Dirty Dancing
87.6%
Full Metal Jacket
86.8%
The Shining
85.9%
Coming to America
83.9%
Ghostbusters
83.7%
The Empire Strikes Back
83.4%
% Correct
A Nightmare on Elm Street
82.2%
Flashdance
82%
The Goonies
80.7%
Raiders of the Lost Ark
77.6%
Poltergeist
77.2%
First Blood
76.9%
Labyrinth
74.5%
Fast Times at Ridgemont High
67.1%
Heathers
65.2%
Stand By Me
55.9%

You're not logged in!

Compare scores with friends on all Sporcle quizzes.
OR
Log In

Sporcle TV

Today on Sporcle TV


Watch our educational content, quiz creation guides, and fun videos on Sporcle TV.

Show Comments

Extras

Top Quizzes Today


Score Distribution

Paid Content

Your Account Isn't Verified!

In order to create a playlist on Sporcle, you need to verify the email address you used during registration. Go to your Sporcle Settings to finish the process.

Report this User

Report this user for behavior that violates our Community Guidelines.

Details: